[Event "Hessen-ch int"]
[Site "Hessen"]
[Date "1999.??.??"]
[Round "6"]
[White "Majer, Damir"]
[Black "Tischbierek, Raj"]
[Result "1-0"]
[WhiteElo "2245"]
[BlackElo "2540"]

1.e4 c5 2.Nf3 d6 3.d4 cxd4 4.Nxd4 Nf6 5.Nc3 Nc6 6.Bg5 a6 7.Qd2 e6 8.O-O-O Bd7
9.f4 Be7 10.Nf3 b5 11.Bxf6 gxf6 12.g3 Qb6 13.f5 O-O-O 14.fxe6 fxe6 15.Bh3 Kb8
16.Kb1 Bc8 17.Qe1 Qc5 18.Ne2 d5 19.Nf4 dxe4 20.Qxe4 f5 21.Qe2 e5 22.Nd3 Rxd3
23.cxd3 e4 24.dxe4 fxe4 25.Bxc8 exf3 26.Qxf3 Rxc8 27.Rc1 Qd6 28.Rhd1 Qg6+
29.Ka1 Rc7 30.Qd3 Qh6 31.Qe4 Bf6 32.Kb1 Bg7 33.Rc2 Kb7 34.a4 b4 35.a5 Qf6
36.Rdc1 Qd6 37.Rc5 Bh6 38.R1c4 Qd1+ 39.Ka2 Qa4+ 40.Kb1 Qd1+ 41.Ka2 Qa4+ 42.Kb1 Bf8
43.Rxc6 Rxc6 44.Qxh7+  1-0

[Event "HUN-chT9899"]
[Site "HUN"]
[Date "1999.??.??"]
[Round "?"]
[White "Joo, Gabor"]
[Black "Csaba, Arpad"]
[Result "1-0"]
[WhiteElo "2070"]
[BlackElo "2215"]

1.e4 c5 2.Nf3 Nc6 3.d4 cxd4 4.Nxd4 Nf6 5.Nc3 d6 6.Bg5 Qa5 7.Bxf6 gxf6 8.Nb3 Qd8
9.f4 h5 10.g3 Bg4 11.Be2 Qd7 12.Nd5 Bxe2 13.Qxe2 Rh6 14.O-O-O e6 15.Ne3 Be7
16.Qb5 a6 17.Qe2 Qc7 18.Kb1 b5 19.Nd4 Nxd4 20.Rxd4 Qb6 21.Rhd1 Rc8 22.R4d3 Rc5
23.Rb3 Qc6 24.Rb4 f5 25.exf5 exf5 26.Rbd4 Re6 27.Qd3 Re4 28.Nxf5 Rxd4 29.Nxd4 Qg2
30.Nf5 d5 31.Re1 Rc7 32.c3 b4 33.cxb4 Kf8 34.Nxe7 Rxe7 35.Rxe7 Kxe7 36.h4 Qe4
37.Kc2 f5 38.Kc3 Qe1+ 39.Kb3 Qe6 40.Qd4 Kd7 41.a4 Kc6 42.Ka3 Qe4 43.Qf6+ Kb7
44.Qf7+ Kb8 45.Qxh5 d4 46.Qh8+ Kb7 47.Qg7+ Ka8 48.b5 axb5 49.axb5 Qe3+ 50.Kb4 d3
51.Qg8+ Kb7 52.Qd5+ Kc8 53.Kc3 Qxg3 54.Qxf5+ Kb7 55.Qxd3 Qxf4 56.Qc4 Qf3+
57.Kb4 Qf8+ 58.Ka4 Qh8 59.Qd5+ Kb8 60.Qd6+ Kb7 61.Qd7+ Kb8 62.b6 Qxh4+ 63.b4 Qc4
64.Qc7+ Qxc7 65.bxc7+ Kxc7 66.Ka5 Kb7 67.Kb5  1-0

[Event "HUN-chT9899"]
[Site "HUN"]
[Date "1999.??.??"]
[Round "?"]
[White "Boros, Daniel"]
[Black "Acs, Peter"]
[Result "0-1"]
[WhiteElo "2300"]
[BlackElo "2500"]

1.e4 c5 2.Nf3 Nc6 3.d4 cxd4 4.Nxd4 Nf6 5.Nc3 d6 6.Bg5 e6 7.Qd2 a6 8.Be2 Be7
9.O-O Bd7 10.Rad1 O-O 11.Nb3 b5 12.Bxf6 gxf6 13.Qh6 Kh8 14.Qh5 Rg8 15.f4 b4
16.Nb1 a5 17.N3d2 Nd4 18.Bd3 Rc8 19.c3 bxc3 20.bxc3 Nb5 21.Nc4 Rc5 22.Qe2 Bc6
23.a4 Nc7 24.Nbd2 d5 25.exd5 Nxd5 26.Ne4 f5 27.Ne5 Qe8 28.Ng3 Nxc3 29.Qb2 f6
30.Nxc6 Nxd1 31.Qb7 Rxc6 32.Rxd1 Rd6 33.Qb3 Qd7  0-1

[Event "HUN-chT9899"]
[Site "HUN"]
[Date "1999.??.??"]
[Round "?"]
[White "Molnar, Bela"]
[Black "Madl, Ildiko"]
[Result "1-0"]
[WhiteElo "2340"]
[BlackElo "2410"]

1.e4 c5 2.Nf3 d6 3.d4 cxd4 4.Nxd4 Nf6 5.Nc3 Nc6 6.Bg5 e6 7.Be2 Be7 8.Qd3 O-O
9.O-O-O Nxd4 10.Qxd4 Nxe4 11.Bxe7 Nxc3 12.bxc3 Qxe7 13.Qxd6 Qg5+ 14.f4 Qxg2
15.Bd3 Qc6 16.Bxh7+ Kxh7 17.Qxf8 Qxc3 18.Rd3 Qa1+ 19.Kd2 Qxh1 20.Rh3+ Kg6
21.Rg3+ Kf5 22.Qxf7+ Ke4 23.Re3+ Kd5 24.Qc7 Qxh2+ 25.Kc3  1-0

[Event "HUN-chT9899"]
[Site "HUN"]
[Date "1999.??.??"]
[Round "?"]
[White "Medvegy, Nora"]
[Black "Grabics, Monika"]
[Result "1/2-1/2"]
[WhiteElo "2325"]
[BlackElo "2355"]

1.e4 c5 2.Nf3 Nc6 3.d4 cxd4 4.Nxd4 Nf6 5.Nc3 d6 6.Bg5 e6 7.Qd2 a6 8.O-O-O h6
9.Bf4 Bd7 10.Nxc6 Bxc6 11.f3 d5 12.Qe1 Bb4 13.a3 Ba5 14.b4 Bb6 15.exd5 Bxd5
16.Be5 O-O 17.Qh4 Be3+ 18.Kb2 Nd7 19.Qxd8 Rfxd8 20.Nxd5 exd5 21.Bd4 Bxd4+
22.Rxd4 Nf8 23.Rd2 Ne6 24.Bd3 a5 25.Ra1 Rdc8 26.Bb5 Nc7 27.Ba4 Ra6 28.Bb3 Rca8
29.Re1 axb4 30.axb4 Rb6 31.c3 Re6 32.Red1 Rea6 33.g3 b5 34.f4 h5 35.Re1 Kf8
36.Re5 g6 37.Re1 R8a7 38.Rf1 Kg7 39.Kc2 Kf6 40.h3 Re6 41.Rf3 Ra1 42.f5 gxf5
43.Kb2 Rg1 44.Rdf2 Re5 45.Bc2 Ne8 46.Bxf5 Nd6 47.Bd3+ Ke7 48.Kc2 Rg5 49.Re2+ Kf8
50.Rf6 Nc4 51.Bxc4 dxc4 52.Ref2 Rg7 53.R6f5 R1xg3 54.Rxh5 Rd3 55.Rd2 Re3
56.Rxb5 Rgg3 57.Rc5 Rxc3+ 58.Kb2 Rb3+ 59.Kc2 Rgc3+ 60.Kd1 Rxb4 61.h4 Rb1+
62.Ke2 Rh1 63.Rd8+ Ke7 64.Rd4 Rh2+ 65.Kd1  1/2-1/2

[Event "Godal mem"]
[Site "HUN"]
[Date "1999.??.??"]
[Round "2"]
[White "Papista, Akos"]
[Black "Toth, Laszlo2"]
[Result "1-0"]
[WhiteElo "2150"]
[BlackElo "2065"]

1.e4 c5 2.Nf3 d6 3.d4 cxd4 4.Nxd4 Nf6 5.Nc3 Nc6 6.Bg5 e5 7.Ndb5 a6 8.Na3 Be6
9.Nc4 Be7 10.Bxf6 gxf6 11.Ne3 Nd4 12.Ncd5 f5 13.c3 f4 14.cxd4 fxe3 15.Nxe3 Qa5+
16.Qd2 Qxd2+ 17.Kxd2 exd4 18.Nd5 Bxd5 19.exd5 Rc8 20.g3 f5 21.f4 h5 22.Bd3 Rf8
23.Rac1 Rc5 24.b4 Rxc1 25.Rxc1 Kd7 26.h4 Rf6 27.Rc4  1-0

[Event "Balaton op"]
[Site "Hungary"]
[Date "1999.??.??"]
[Round "4"]
[White "Trajber, Csaba"]
[Black "Simo, Judit"]
[Result "1-0"]
[WhiteElo "2055"]
[BlackElo "2030"]

1.e4 c5 2.Nf3 d6 3.d4 cxd4 4.Nxd4 Nf6 5.Nc3 Nc6 6.Bg5 e6 7.Qd2 a6 8.f4 Bd7
9.O-O-O b5 10.a3 Rb8 11.Nf3 b4 12.axb4 Rxb4 13.Qe2 Qb6 14.b3 Qc5 15.Bxf6 gxf6
16.Na4 Rxa4 17.bxa4 Bh6 18.g3 Nb4 19.Qc4 Qe3+ 20.Nd2 Qa3+ 21.Kb1 Bxa4 22.Nb3 O-O
23.Qc3 Nxc2 24.Bc4 Nb4 25.Qb2 Qxb2+ 26.Kxb2 Rc8 27.Rc1 Bc6 28.Rhd1 Bf8 29.Be2 f5
30.exf5 Bg7+ 31.Ka3 Rb8 32.fxe6 fxe6 33.Nd4 Bd5 34.Bc4 Kf7 35.Bxd5 Nxd5 36.f5 exf5
37.Rc6 Nb4 38.Rc7+ Kg6 39.Ne6 Bf6 40.Rxd6 Kh5 41.Nf4+ Kg5 42.h4+  1-0

[Event "Kharkov"]
[Site "Kharkov"]
[Date "1999.??.??"]
[Round "2"]
[White "Zatonskih, Anna"]
[Black "Sumets, Andrey"]
[Result "1-0"]
[WhiteElo "2326"]
[BlackElo "2434"]

1.e4 c5 2.Nf3 Nc6 3.d4 cxd4 4.Nxd4 Nf6 5.Nc3 d6 6.Bg5 e6 7.Qd2 a6 8.O-O-O h6
9.Bf4 Bd7 10.Nxc6 Bxc6 11.f3 d5 12.exd5 Nxd5 13.Nxd5 Qxd5 14.Qxd5 Bxd5 15.Be5 f6
16.Bd4 Rd8 17.Bd3 Bd6 18.Kb1 Ke7 19.c4 Bc6 20.Bb6 Rd7 21.Bc2 Rg8 22.h3 g5
23.a3 h5 24.b4 Be5 25.a4 Rxd1+ 26.Rxd1 g4 27.hxg4 hxg4 28.b5 axb5 29.axb5 Ra8
30.Bc5+ Kf7 31.Bb3 Be8 32.fxg4 Kg7 33.Bd4 Bg6+ 34.Kb2 Bf4 35.Bc3 Be4 36.Rd4 Bxg2
37.Rxf4 e5 38.Rf2 Bh3 39.Bc2 Rc8 40.Kb3  1-0

[Event "Kharkov"]
[Site "Kharkov"]
[Date "1999.??.??"]
[Round "12"]
[White "Cherevatenko, Roman"]
[Black "Sumets, Andrey"]
[Result "0-1"]
[WhiteElo "2410"]
[BlackElo "2434"]

1.e4 c5 2.Nf3 d6 3.d4 cxd4 4.Nxd4 Nf6 5.Nc3 Nc6 6.Bg5 e6 7.Qd2 a6 8.O-O-O h6
9.Be3 Nxd4 10.Bxd4 b5 11.f4 Be7 12.e5 dxe5 13.fxe5 Nd5 14.Nxd5 Qxd5 15.Kb1 Bb7
16.h4 O-O 17.Be2 Rfd8 18.Bf3 Qd7 19.Qe2 Qc7 20.Qf2 Bxf3 21.gxf3 Rd5 22.Rdg1 h5
23.f4 Qd7 24.c3 g6 25.Re1 Kh7 26.Rhg1 Rg8 27.Qf3 b4 28.f5 exf5 29.e6 fxe6
30.Rxg6 Kxg6 31.Rg1+ Kh6 32.Rxg8 Rxd4 33.cxd4 Qxd4 34.Rg2 Bxh4 35.Qe2 Bf6
36.Rh2 h4 37.Rh1 a5 38.Rd1 Qe4+ 39.Qxe4 fxe4 40.Rd6 Kg6 41.Kc2 h3 42.Rd1 h2
43.Kd2  0-1

[Event "Kiev-ch"]
[Site "Kiev"]
[Date "1999.??.??"]
[Round "6"]
[White "Chokhonelidze, Giorgi"]
[Black "Kovalenko, Vladimir"]
[Result "0-1"]
[WhiteElo "2305"]
[BlackElo "2290"]

1.e4 c5 2.Nf3 Nc6 3.d4 cxd4 4.Nxd4 Nf6 5.Nc3 d6 6.Bg5 e6 7.Qd2 Be7 8.O-O-O O-O
9.Kb1 h6 10.Bxf6 Bxf6 11.Ndb5 a6 12.Nxd6 Bd4 13.Nc4 b5 14.Ne3 Qe7 15.Ne2 Bc5
16.Nf4 Rd8 17.Bd3 Bb7 18.Qe2 Bd4 19.c3 Ba7 20.Qh5 Qf6 21.g3 Ne5 22.Bc2 b4
23.cxb4 Bxe3 24.fxe3 Nc4 25.e5 Qe7 26.Rhf1 Nd2+ 27.Rxd2 Rxd2 28.Nd3 Be4 29.Ne1 g6
30.Qg4 Qxb4 31.Qxe4 Rd1+ 32.Bxd1 Qxe4+ 33.Bc2 Qxe5 34.e4 Rb8 35.Nd3 Qxe4  0-1

[Event "EU-ch02 blind "]
[Site "Krynica"]
[Date "1999.??.??"]
[Round "2"]
[White "Mas Artigas, Pere"]
[Black "Krylov, Sergey"]
[Result "0-1"]
[WhiteElo "2160"]
[BlackElo "2340"]

1.e4 c5 2.Nf3 d6 3.d4 cxd4 4.Nxd4 Nf6 5.Nc3 Nc6 6.Bg5 Qb6 7.Nb3 e6 8.Bd3 Be7
9.f4 h6 10.Bxf6 Bxf6 11.Qd2 a6 12.Nd1 Bd7 13.Ne3 O-O 14.Nc4 Qc7 15.O-O b5
16.Nca5 Nxa5 17.Qxa5 Qxa5 18.Nxa5 Bxb2 19.Rab1 Bd4+ 20.Kh1 Rab8 21.Rfd1 Be3
22.f5 exf5 23.exf5 Rfe8 24.Rf1 Re5 25.Nc4 Ree8 26.Nxd6 Red8 27.Rbe1 Bd4 28.Re7 Bc5
29.Rxd7 Rxd7  0-1

[Event "EU-ch02 blind "]
[Site "Krynica"]
[Date "1999.??.??"]
[Round "4"]
[White "Mas Artigas, Pere"]
[Black "Eros, Pal"]
[Result "1/2-1/2"]
[WhiteElo "2160"]
[BlackElo "2105"]

1.e4 c5 2.Nf3 Nc6 3.d4 cxd4 4.Nxd4 Nf6 5.Nc3 d6 6.Bg5 Qb6 7.Nb3 e6 8.f4 Be7
9.Be2 O-O 10.Qd2 Rd8 11.O-O-O a6 12.g4 Bd7 13.f5 Ne5 14.Bxf6 gxf6 15.h4 Bc6
16.fxe6 fxe6 17.g5 fxg5 18.hxg5 d5 19.g6 dxe4 20.Qh6 Rxd1+ 21.Bxd1 Bf6 22.gxh7+ Kf7
23.Rf1 Nf3 24.Nd2 Ke7 25.Nxf3 exf3 26.Qg6 Qe3+ 27.Kb1 Bxc3 28.bxc3 Qxc3 29.Qg5+ Kd7
30.Qf4 Rc8 31.Qf7+ Kd6 32.Qf4+ Kd7 33.Qf7+ Kd6 34.Qf4+  1/2-1/2

[Event "EU-ch02 blind "]
[Site "Krynica"]
[Date "1999.??.??"]
[Round "5"]
[White "Kauzky, Hartmut"]
[Black "Bischoff, Dieter"]
[Result "0-1"]
[WhiteElo "1915"]
[BlackElo "2180"]

1.e4 c5 2.Nf3 d6 3.d4 cxd4 4.Nxd4 Nf6 5.Nc3 Nc6 6.Bg5 e6 7.Qd2 Be7 8.O-O-O O-O
9.Be2 Nxd4 10.Qxd4 Qa5 11.h4 a6 12.Kb1 Rd8 13.g4 b5 14.Bf3 b4 15.Ne2 e5 16.Qd2 Be6
17.Nc1 Rab8 18.Rdg1 Qc7 19.Bxf6 Bxf6 20.g5 Be7 21.h5 Bf8 22.Bg4 Qc8 23.Rh4 a5
24.f4 exf4 25.Qxf4 a4 26.Bxe6 Qxe6 27.Qf5 Qc4 28.Qd5 Rdc8 29.Rh2 Rb5 30.Qd3 Re5
31.g6 fxg6 32.hxg6 h6 33.Re2 Qe6 34.Rg3 Re8 35.Qf3 Rxe4 36.Rxe4 Qxe4 37.Qf7+ Kh8
38.Rh3 Qe7 39.Qf4 d5 40.Rh4 Rc8 41.Qd4 Qg5 42.Qg4 Qxg4 43.Rxg4 Rc4 44.Rg1 Bc5
45.Rd1 Rd4 46.Nd3 Bd6 47.Rg1 Kg8 48.Kc1 Re4 49.Kd2 Kf8 50.c3 bxc3+ 51.Kxc3 Ke8
52.b3 axb3 53.axb3 Be7 54.Rg3 h5 55.Nf2 Bf6+ 56.Kd3 h4 57.Rf3 Rd4+ 58.Kc2 Rb4
59.Rf5 Rd4 60.Rf3 Ke7 61.Re3+ Kd6 62.Rf3 Ke6 63.Nd3 Rg4 64.Nf4+ Kd6 65.Kd3 Be5
66.Ne2 Rxg6 67.Ke3 Rg4 68.Kd3 Bf6 69.Ke3 Rb4 70.Kd2 Rb7 71.Nc3 Bxc3+ 72.Kxc3 Ke5
73.Rf1 g5 74.Rg1 Kf5 75.Kd4 Rxb3 76.Kxd5 Rd3+ 77.Kc4 Rd8  0-1

[Event "Mendrisio op"]
[Site "Mendrisio"]
[Date "1999.??.??"]
[Round "5"]
[White "Belotti, Bruno"]
[Black "Tukmakov, Vladimir B"]
[Result "0-1"]
[WhiteElo "2441"]
[BlackElo "2581"]

1.e4 c5 2.Nf3 d6 3.d4 cxd4 4.Nxd4 Nf6 5.Nc3 Nc6 6.Bg5 e6 7.Qd2 a6 8.O-O-O Bd7
9.f4 b5 10.Bxf6 gxf6 11.Kb1 Qb6 12.Nxc6 Bxc6 13.Qe1 O-O-O 14.Bd3 b4 15.Ne2 d5
16.Ng3 dxe4 17.Nxe4 Be7 18.Qe2 Kb8 19.Nd2 Rhg8 20.Nf3 Bb5 21.Bxb5 Qxb5 22.Qxb5+ axb5
23.g3 Kb7 24.c3 bxc3 25.bxc3 Bc5 26.Rxd8 Rxd8 27.Kc2 Kc6 28.Re1 Ra8 29.Kb2 Ra4
30.Nd2 h5 31.Nb3 Bb6 32.Nd2 h4 33.Re2 Kd5 34.Kb3 Bc5 35.c4+ Kd4 36.cxb5 Ra3+
37.Kc2 Rxa2+ 38.Kb1 Ra3 39.gxh4 Kd3 40.Rg2 Ra5 41.Nb3 Rxb5 42.Ka2 Be3 43.Rg7 Rf5
44.Rxf7 Rxf4 45.h5 f5 46.Re7 Rh4 47.Rxe6 f4 48.Rf6 Rxh5 49.h3 Re5 50.Rf8 Re4  0-1

[Event "Naantali op"]
[Site "Naantali"]
[Date "1999.??.??"]
[Round "9"]
[White "Sorsa, Nuutti"]
[Black "Veingold, Aleksandr"]
[Result "1/2-1/2"]
[WhiteElo "2226"]
[BlackElo "2477"]

1.e4 c5 2.Nf3 d6 3.d4 cxd4 4.Nxd4 Nf6 5.Nc3 Nc6 6.Bg5 e6 7.Qd2 a6 8.O-O-O Bd7
9.f3 h6 10.Be3 Qc7 11.g4 Ne5 12.h4 b5 13.Rg1 g6 14.g5 hxg5  1/2-1/2

[Event "GER-chJMC"]
[Site "Neumuenster"]
[Date "1999.??.??"]
[Round "?"]
[White "Langrock, Hannes"]
[Black "Paehtz, Thomas Jr"]
[Result "1/2-1/2"]
[WhiteElo "2109"]
[BlackElo "2161"]

1.e4 c5 2.Nf3 d6 3.d4 cxd4 4.Nxd4 Nf6 5.Nc3 Nc6 6.Bg5 e6 7.Bb5 Bd7 8.Bxc6 bxc6
9.Qf3 e5 10.Nf5 Bxf5 11.Qxf5 Be7 12.Qf3 O-O 13.Bxf6 Bxf6 14.O-O Be7 15.Qd3 Qd7
16.Rad1 Qe6 17.Na4 Qxa2 18.b3 Qa3 19.Qc4 c5 20.Nc3 Qa5 21.Nd5 Qd8 22.Qa6 Qd7
23.Nxe7+ Qxe7 24.Qxd6 Qxd6 25.Rxd6 c4  1/2-1/2

[Event "GER-ch U14"]
[Site "Oberhof"]
[Date "1999.??.??"]
[Round "?"]
[White "Zaragatski, Ilja"]
[Black "Rau, Hannes"]
[Result "1/2-1/2"]
[WhiteElo "2135"]
[BlackElo "2190"]

1.e4 c5 2.Nf3 d6 3.d4 cxd4 4.Nxd4 Nf6 5.Nc3 Nc6 6.Bg5 Qb6 7.Nb3 e6 8.Bd3 Be7
9.Be3 Qc7 10.f4 O-O 11.Qf3 a6 12.O-O-O b5 13.g4 Rd8 14.g5 Nd7 15.h4 Nf8 16.h5 Nb4
17.Kb1 Bb7 18.Nd4 Rac8 19.g6 Bf6 20.gxf7+ Qxf7 21.a3 Nxd3 22.cxd3 Bxd4 23.Bxd4 e5
24.Bb6 Re8 25.Ne2 b4 26.axb4 Qb3 27.Rc1 exf4 28.Nc3 Qxb4 29.Bf2 Ne6 30.Rhg1 Rb8
31.Rc2 Nd4 32.Qg4 Re7 33.Na2 Qa4 34.Rc4 Qb3 35.Nc1 Qb5 36.Bxd4 Bxe4 37.Bxg7 Bf5
38.Qg5 Bxd3+ 39.Nxd3 Qxg5 40.Rxg5 Rxg7 41.Rxg7+ Kxg7 42.Nxf4 Kf6 43.Kc2 Kg5
44.b4 Rb5 45.Kd3 a5 46.bxa5 Rxa5 47.Rd4 d5 48.Ke3 Ra3+ 49.Nd3 Kxh5 50.Rxd5+ Kg4
51.Ke4  1/2-1/2

[Event "GER-ch U16"]
[Site "Oberhof"]
[Date "1999.??.??"]
[Round "?"]
[White "Hofrichter, Jens"]
[Black "Paehtz, Thomas Jr"]
[Result "1/2-1/2"]
[WhiteElo "2055"]
[BlackElo "2160"]

1.e4 c5 2.Nf3 d6 3.d4 cxd4 4.Nxd4 Nf6 5.Nc3 Nc6 6.Bg5 e6 7.Qd2 a6 8.O-O-O Bd7
9.f4 h6 10.Bh4 Nxe4 11.Qe1 Nf6 12.Nf5 Qa5 13.Nxd6+ Bxd6 14.Rxd6 Ne7 15.Bxf6 gxf6
16.Rd1 Qc7 17.Qf2 O-O-O 18.g3 Bc6 19.Bg2 f5 20.Bf3 h5 21.Rxd8+ Rxd8 22.Rd1 Bxf3
23.Rxd8+ Qxd8 24.Qxf3 Qh8 25.Ne2 h4 26.Qc3+ Qxc3 27.Nxc3 hxg3 28.hxg3 Kc7  1/2-1/2

[Event "GER-ch U16"]
[Site "Oberhof"]
[Date "1999.??.??"]
[Round "?"]
[White "Zimmermann, Julian"]
[Black "Danzer, George"]
[Result "1-0"]
[WhiteElo "1925"]
[BlackElo "2245"]

1.e4 c5 2.Nf3 Nc6 3.d4 cxd4 4.Nxd4 Nf6 5.Nc3 d6 6.Bg5 e6 7.f4 Be7 8.Be2 Nxd4
9.Qxd4 O-O 10.O-O-O Qa5 11.Bc4 h6 12.Bh4 e5 13.fxe5 dxe5 14.Qd3 Bg4 15.Rdf1 Rac8
16.Bxf6 Bxf6 17.Bb3 Be6 18.Nd5 Bg5+ 19.Kb1 Qc5 20.h4 Bd8 21.Qe2 b5 22.g4 a5
23.a3 a4 24.Ba2 g6 25.Rh3 Bxd5 26.Bxd5 b4 27.h5 g5 28.axb4 Qxb4 29.Qa6 Bb6
30.Rxf7 Kh8 31.Rhf3 a3 32.Rxf8+ Rxf8 33.Rxf8+ Qxf8 34.Qxb6  1-0

[Event "GER-ch U18"]
[Site "Oberhof"]
[Date "1999.??.??"]
[Round "2"]
[White "Haensel, Thomas"]
[Black "Schneider, Henning"]
[Result "1/2-1/2"]
[WhiteElo "2207"]
[BlackElo "2168"]

1.e4 c5 2.Nf3 Nc6 3.d4 cxd4 4.Nxd4 Nf6 5.Nc3 d6 6.Bg5 e6 7.Qd2 a6 8.O-O-O h6
9.Be3 Bd7 10.f3 Qc7 11.Kb1 Na5 12.g4 b5 13.Bd3 Nc4 14.Bxc4 Qxc4 15.h4 g6
16.Nce2 e5 17.Nb3 Be6 18.Ng3 a5  1/2-1/2

[Event "GER-ch U18"]
[Site "Oberhof"]
[Date "1999.??.??"]
[Round "7"]
[White "Paehtz, Elisabeth"]
[Black "Schneider, Henning"]
[Result "1/2-1/2"]
[WhiteElo "2211"]
[BlackElo "2168"]

1.e4 c5 2.Nf3 Nc6 3.d4 cxd4 4.Nxd4 Nf6 5.Nc3 d6 6.Bg5 e6 7.Qd2 a6 8.O-O-O h6
9.Be3 Bd7 10.f3 Qc7 11.Kb1 Na5 12.Nb3 b5 13.Nxa5 Qxa5 14.Nd5 Qxd2 15.Nxf6+ gxf6
16.Rxd2 Bc6 17.c4 b4 18.Bd3 Kd7 19.Rhd1 Kc7 20.Bf1 Be7 21.Bf4 e5 22.Be3 h5
23.Rc1 Rhd8 24.Bd3 Rg8 25.Kc2 a5 26.Kd1 Rad8 27.Ke1  1/2-1/2

[Event "Oberwart op"]
[Site "Oberwart"]
[Date "1999.??.??"]
[Round "6"]
[White "Kleiser, Gregor"]
[Black "Titz, Heimo"]
[Result "0-1"]
[WhiteElo "2157"]
[BlackElo "2310"]

1.e4 c5 2.Nf3 Nc6 3.d4 cxd4 4.Nxd4 Nf6 5.Nc3 d6 6.Bg5 e6 7.Qd2 a6 8.O-O-O h6
9.Bh4 Nxe4 10.Qf4 Ng5 11.Nxc6 bxc6 12.Qa4 Qc7 13.f4 Nh7 14.Bc4 Bd7 15.Rhe1 Nf6
16.f5 e5 17.Qb3 Bxf5 18.Rf1 Bg6 19.Bxf6 gxf6 20.Rxf6 Rd8 21.Bxa6 Bg7 22.Nb5 cxb5
23.Rxg6 O-O 24.Bxb5 Kh7 25.Rg3 e4 26.Qd5 f5 27.Rf1 Be5 28.Rxf5 Rxf5 29.Qxe4 Bf4+
30.Kb1 Rf8 31.Rf3 d5 32.Qb4 Bd6 33.Qg4 Rxf3 34.gxf3 Qg7  0-1

[Event "Presov op"]
[Site "Presov"]
[Date "1999.??.??"]
[Round "9"]
[White "Pinkas, Karol"]
[Black "Pinter, Erik"]
[Result "1-0"]
[WhiteElo "2356"]
[BlackElo "2163"]

1.e4 c5 2.Nf3 d6 3.d4 cxd4 4.Nxd4 Nf6 5.Nc3 Nc6 6.Bg5 e6 7.Qd2 a6 8.O-O-O h6
9.Bh4 Nxe4 10.Qf4 Ng5 11.Nxc6 bxc6 12.Qa4 Qb6 13.f4 Nh7 14.Bd3 g5 15.Bf2 Qxf2
16.Qxc6+ Ke7 17.Bxh7 Qxf4+ 18.Kb1 Ra7 19.Rhe1 Kd8 20.Qb6+ Rc7 21.Rd4 Qxd4
22.Qxd4 Rxh7 23.Ne4 e5 24.Qb6 d5  1-0

[Event "Recklinghausen op"]
[Site "Recklinghausen"]
[Date "1999.??.??"]
[Round "9"]
[White "Mainka, Romuald"]
[Black "Lerner, Konstantin Z"]
[Result "1/2-1/2"]
[WhiteElo "2475"]
[BlackElo "2585"]

1.e4 c5 2.Nf3 d6 3.d4 cxd4 4.Nxd4 Nf6 5.Nc3 Nc6 6.Bg5 e6 7.Qd2 a6 8.O-O-O h6
9.Be3 Be7 10.f4 Bd7 11.Kb1 b5 12.Bd3 O-O 13.Rhe1 Qc7 14.h3 Nxd4 15.Bxd4 Bc6
16.e5 dxe5 17.Bxe5 Qb7 18.Qf2 b4 19.Bxf6 Bxf6 20.Ne4 Bxe4 21.Bxe4  1/2-1/2

[Event "CXG R.Sa mem-B"]
[Site "Rio de Janeiro"]
[Date "1999.??.??"]
[Round "8"]
[White "Assuncao, Herlon"]
[Black "Cunha, Luiz Fco"]
[Result "1-0"]
[WhiteElo "2000"]
[BlackElo "2000"]

1.e4 c5 2.Nf3 d6 3.d4 cxd4 4.Nxd4 Nf6 5.Nc3 Nc6 6.Bg5 e6 7.f4 Be7 8.Bb5 O-O
9.Bxc6 bxc6 10.Nxc6 Qd7 11.Nxe7+ Qxe7 12.e5 h6 13.exf6 gxf6 14.Bxh6 Kh7 15.Qh5 Rh8
16.Ne4 Bb7 17.Bg5+ Kg8 18.Qxh8+ Kxh8 19.Bxf6+  1-0

[Event "Capablanca mem"]
[Site "Rio de Janeiro"]
[Date "1999.??.??"]
[Round "8"]
[White "Maia, Marco"]
[Black "Chaves, Jorge Antonio"]
[Result "0-1"]
[WhiteElo "2165"]
[BlackElo "2130"]

1.e4 c5 2.Nf3 Nc6 3.d4 cxd4 4.Nxd4 Nf6 5.Nc3 d6 6.Bg5 e6 7.Qd2 Be7 8.O-O-O a6
9.f3 h6 10.Be3 Bd7 11.g4 Qc7 12.h4 Ne5 13.Rg1 Nc4 14.Bxc4 Qxc4 15.g5 hxg5
16.hxg5 Nh5 17.g6 f6 18.f4 b5 19.f5 b4 20.fxe6 bxc3 21.exd7+ Kxd7 22.Qxc3 Qxc3
23.bxc3 Rac8 24.Rd3 Rc5 25.Nb3 Re5 26.Rd5 Rxd5 27.exd5 Rc8 28.Kb2 Rc4 29.Nd4 Rc5
30.Nc6 Rxd5 31.Nb8+ Ke6 32.Nxa6 Rb5+ 33.Nb4 d5 34.a4 Rb7 35.Kb3 f5 36.a5 f4
37.Bd4 Bf6 38.a6 Rb8 39.a7 Ra8 40.Bb6 Ng3 41.Na6 Be5 42.Re1 Ne4 43.Nc5+ Kf5
44.c4 Nd2+ 45.Kb4 Nxc4 46.Kb5 Bd4 47.Rd1 Nxb6 48.Rxd4 Nc8 49.Rxd5+ Kxg6 50.Rd7 Rxa7
51.Rd8 Ne7 52.Rd6+ Kf5 53.Nd3 Rb7+ 54.Kc4 g5 55.Rd8 Rc7+ 56.Kb3 Rb7+ 57.Kc4 Rc7+
58.Kb3 f3 59.Rf8+ Ke4 60.Rf4+ gxf4  0-1

[Event "Itau Mercosul Cup 3rd"]
[Site "Sao Paulo"]
[Date "1999.??.??"]
[Round "7"]
[White "Vescovi, Giovanni"]
[Black "Disconzi da Silva, Rodrigo"]
[Result "1/2-1/2"]
[WhiteElo "2522"]
[BlackElo "2336"]

1.e4 c5 2.Nf3 d6 3.d4 cxd4 4.Nxd4 Nf6 5.Nc3 Nc6 6.Bg5 e6 7.Qd2 Be7 8.O-O-O O-O
9.f4 h6 10.Bh4 e5 11.Nf5 Bxf5 12.exf5 exf4 13.Kb1 d5 14.Qxf4 d4 15.Bxf6 Bxf6
16.Bc4 Qb8 17.Qxb8 Raxb8 18.Nd5 Be5 19.Bb5 Rfe8 20.a3 Rbc8 21.Rhe1 Kf8 22.g3 Bd6
23.c3 Rxe1 24.Rxe1 dxc3 25.Nxc3 Nd4  1/2-1/2

[Event "Liechtenstein op"]
[Site "Schaan"]
[Date "1999.??.??"]
[Round "8"]
[White "Belotti, Bruno"]
[Black "Zierke, Oliver"]
[Result "1/2-1/2"]
[WhiteElo "2440"]
[BlackElo "2280"]

1.e4 c5 2.Nf3 Nc6 3.d4 cxd4 4.Nxd4 Nf6 5.Nc3 d6 6.Bg5 e6 7.Qd2 Be7 8.O-O-O O-O
9.f4 Nxd4 10.Qxd4 Qa5 11.Bc4 Bd7 12.e5 dxe5 13.Qxe5 Qb6 14.f5 Rac8 15.fxe6 Bxe6
16.Bxe6 fxe6 17.Be3 Bc5 18.Rhe1 Bxe3+ 19.Rxe3 Rc6 20.Rg3 Qc5 21.Qxc5 Rxc5
22.Rd4 e5 23.Rb4 Rf7 24.Rd3 Rfc7 25.Rd2 a6 26.Ne4  1/2-1/2

[Event "Sportland-NRW-Cup"]
[Site "Senden"]
[Date "1999.??.??"]
[Round "1"]
[White "Jagodzinski, Andreas"]
[Black "Arbakov, Valentin"]
[Result "1-0"]
[WhiteElo "2195"]
[BlackElo "2480"]

1.e4 c5 2.Nf3 d6 3.d4 Nf6 4.Nc3 cxd4 5.Nxd4 Nc6 6.Bg5 e6 7.Qd2 a6 8.O-O-O Bd7
9.f3 Be7 10.Kb1 Qc7 11.Be3 h5 12.g3 Ne5 13.f4 Nc4 14.Bxc4 Qxc4 15.Rhe1 Ng4
16.Bg1 Rd8 17.Nb3 Qc7 18.h3 Nf6 19.Be3 Bc6 20.Qf2 Nd7 21.Nd4 Nf6 22.Nb3 Rd7
23.Bb6 Qc8 24.Bd4 e5 25.fxe5 dxe5 26.Bxe5 Rxd1+ 27.Rxd1 Qxh3 28.Qd4 O-O 29.Nd5 Bxd5
30.exd5 Rd8 31.d6 Bf8 32.Qb6 Rd7 33.Nc5 Qg4 34.Kc1 h4 35.Nxd7 Nxd7 36.Qd4 Qxd4
37.Bxd4 hxg3 38.Be3 f6 39.Bf4 g2 40.Rg1 Kf7 41.Rxg2 Ke6 42.Re2+ Kd5 43.c4+ Kxc4
44.Re7 Nc5 45.Rf7 Ne6 46.d7  1-0

[Event "Sportland-NRW-Cup"]
[Site "Senden"]
[Date "1999.??.??"]
[Round "5"]
[White "Meijers, Viesturs"]
[Black "Breder, Dennis"]
[Result "1-0"]
[WhiteElo "2470"]
[BlackElo "2255"]

1.e4 c5 2.Nf3 Nc6 3.d4 cxd4 4.Nxd4 Nf6 5.Nc3 d6 6.Bg5 e6 7.Qd2 Be7 8.Be2 O-O
9.O-O Nxe4 10.Nxe4 Nxd4 11.Qxd4 Bxg5 12.Nxg5 Qxg5 13.Qxd6 Qd8 14.Rfd1 Qxd6
15.Rxd6 e5 16.Bf3 Be6 17.b3 Rac8 18.c4 b6 19.Rad1 Rc7 20.h3 Re7 21.Re1 f6
22.Rxe6 Rxe6 23.Bd5 Kf7 24.Rd1 Ke7 25.Bxe6 Kxe6 26.Kf1 h5 27.Ke2 h4 28.Rd5 f5
29.a4 Rc8 30.a5 Rc5 31.axb6 axb6 32.Rd8 b5 33.Kd3 g5 34.Kc3 Rc7 35.Re8+ Kf6
36.Rb8 bxc4 37.Rb6+ Kf7 38.bxc4 e4 39.Kd4 Rd7+ 40.Ke5 Rd2 41.Rf6+ Ke7 42.Rxf5 e3
43.fxe3 Rxg2 44.e4 Kd7 45.Kf6 g4 46.hxg4 Rxg4 47.Ke5 Rg6 48.Rf7+ Kc6 49.Rh7 Kc5
50.Rxh4 Kxc4 51.Rh8 Rg4 52.Kf5 Rg1 53.Rd8 Rf1+ 54.Ke6 Kc5 55.e5 Kc6 56.Rc8+  1-0

[Event "Sportland-NRW-Cup"]
[Site "Senden"]
[Date "1999.??.??"]
[Round "7"]
[White "Luther, Thomas"]
[Black "Van der Weide, Karel"]
[Result "0-1"]
[WhiteElo "2505"]
[BlackElo "2430"]

1.e4 c5 2.Nf3 Nc6 3.d4 cxd4 4.Nxd4 Nf6 5.Nc3 d6 6.Bg5 e6 7.Qd2 Be7 8.O-O-O O-O
9.h4 Qb6 10.Be3 Qc7 11.f3 a6 12.g4 b5 13.Nxc6 Qxc6 14.h5 Nd7 15.Ne2 Ne5 16.Nd4 Qc7
17.g5 Bd7 18.Qh2 Nc4 19.Bxc4 Qxc4 20.g6 h6 21.Kb1 f5 22.exf5 e5 23.b3 Qc5
24.Rhe1 Qc3 25.f4 Bf6 26.fxe5 dxe5 27.Ne6 Bxe6 28.fxe6 e4  0-1

[Event "Sevilla op"]
[Site "Sevilla"]
[Date "1999.??.??"]
[Round "5"]
[White "Korneev, Oleg"]
[Black "Alonso, Salvador"]
[Result "1/2-1/2"]
[WhiteElo "2600"]
[BlackElo "2345"]

1.e4 c5 2.Nf3 Nc6 3.d4 cxd4 4.Nxd4 Nf6 5.Nc3 d6 6.Bg5 e6 7.Qd2 a6 8.O-O-O h6
9.Be3 Be7 10.f3 Nxd4 11.Bxd4 b5 12.Kb1 e5 13.Be3 Be6 14.h4 Qa5 15.Be2 Rc8
16.a3 Rxc3 17.Qxc3 Qxc3 18.bxc3 d5 19.exd5 Nxd5 20.Rd3 O-O 21.Rhd1 Nxe3 22.Rxe3 Bxa3
23.c4 Be7 24.cxb5 axb5 25.Rxe5 b4 26.f4 Ra8 27.Bf3 Ra7 28.Rb5 Bf6 29.Rb8+ Kh7
30.Be4+ g6 31.Ra8 Rxa8 32.Bxa8 Bxh4 33.Bd5 Bxd5 34.Rxd5 Kg7 35.Kb2 Be1 36.Kb3 Kf6
37.Rb5 h5 38.Rxb4 Bxb4 39.Kxb4 h4 40.c4 Ke6 41.Kc5 f6 42.f5+ gxf5 43.Kd4 Kd6
44.Ke3 Kc5 45.Kf4 Kxc4 46.Kxf5 Kd4 47.Kxf6 Ke3 48.Kg5 Kf2 49.Kxh4 Kxg2  1/2-1/2

[Event "SVK-chT1E 9899"]
[Site "SVK"]
[Date "1999.??.??"]
[Round "8"]
[White "Hagarova, Zuzana"]
[Black "Sarkozy, Ladislav"]
[Result "1/2-1/2"]
[WhiteElo "2305"]
[BlackElo "2280"]

1.e4 c5 2.Nf3 d6 3.d4 cxd4 4.Nxd4 Nf6 5.Nc3 Nc6 6.Bg5 e6 7.Qd2 a6 8.O-O-O Bd7
9.f4 h6 10.Bh4 g5 11.fxg5 Ng4 12.Bg3 hxg5 13.Be2 Nge5 14.Kb1 Be7 15.Rdf1 Qa5
16.Rf2 O-O-O 17.Nb3 Qc7 18.Rd1 Kb8 19.Qe3 Rh7 20.Rff1 Be8 21.Rd2 f6 22.Rfd1 Bf8
23.Nd4 Bd7 24.h3 Be7 25.Nxc6+ Bxc6 26.Bf2 Kc8 27.Rd4 g4 28.hxg4 Rg7 29.Qh3 Bd7  1/2-1/2